Handbuch der Medienpaedagogik : Theorieansaetze - Traditionen - Praxisfelder - Forschungsperspektiven

Αποθηκεύτηκε σε:
Λεπτομέρειες βιβλιογραφικής εγγραφής
Άλλοι συγγραφείς: Hiegemann, Susanne (Επιμελητής έκδοσης), Swoboda, Wolfgang H. (Επιμελητής έκδοσης)
Μορφή: Βιβλίο
Γλώσσα:German
Δημοσίευση: Opladen : Leske + Budrich, 1994
Θέματα:
Ετικέτες: Προσθήκη ετικέτας
Δεν υπάρχουν, Καταχωρήστε ετικέτα πρώτοι!

MARC

LEADER 00000nam a2200000 i 4500
001 1/9046
008 000731s1994 ger d
020 |a 3-8100-0870-2 
035 |l 10062909 
040 |a GR-MY-UA  |b gre  |e aacr 
041 0 |a ger 
082 0 |a 373.43 
245 1 0 |a Handbuch der Medienpaedagogik :  |b Theorieansaetze - Traditionen - Praxisfelder - Forschungsperspektiven /  |c Susanne Hiegemann, Wolfgang H. Swoboda (Hrsg.) 
260 |a Opladen :   |b Leske + Budrich,   |c 1994 
300 |a 471 p.;  |c 23 cm. 
650 0 0 |a Education, Secondary  |z Germany. 
700 1 |a Hiegemann, Susanne.  |4 edt 
700 1 |a Swoboda, Wolfgang H.  |4 edt 
852 |a INST  |b RHODES  |e 20000731  |h 373.0943 HAN  |p 005400012644  |q 005400012644  |t BK  |y 0 
852 |a INST  |b RHODES  |e 20000919  |h 373.0943 HAN  |p 005400014509  |q 005400014509  |t BK  |y 0 
901 |a BIBL4-2000-2 
909 |a Ρ  |b 069024 
909 |a Ρ  |b 065749 
922 |a 4ΕΛΗ  |b 199909  |c ΚΠΣ/154  |d LEADER BOOKS 
922 |a 4ΕΛΗ  |b 199905 
970 |z 2000/08/ΧΡΥΣΑΝΘΗ